000 01361nam a2200253 i 4500
001 165409
003 ES-MaACL
005 20251014063241.0
008 940202s1860 sp |||| | spa d
040 _aAS
_bspa
100 1 _aSimonet, Francisco Javier,
_d1829-1897
_9106570
245 1 0 _aDescripción del reino de Granada bajo la dominación de los naseritas
_b: sacada de los autores árabes y seguida del texto inédito de Mohammed ebn Aljathib /
_cpor Francisco Javier Simonet.
260 _aMadrid :
_b[s.n.],
_c1860 (
_fImp. Nacional)
300 _a214, [10], 30 p., [1] h. pleg. ;
_c24 cm.
500 _aTexto árabe de la obra Ibn Arljatib, contenida en el códice 554 de los mss. árabes de la Biblioteca del Escorial, colección de varios opúsculos de dicho autor titulada "El justo peso de la experiencia" en la que se contienen descripciones geográficas varias y entre ellas la del reino de Granada.
594 _aTexto en árabe anexo al final de la obra.
596 _aÚltima secuencia de paginación en caracteres árabes.
650 0 4 _aGranada (Reino)-
_xDescripción.
_9136197
650 0 4 _aGranada-
_xHistoria-
_yÉpoca musulmana, 711-1492.
_9136198
700 1 _aIbn al-Hatib, Muhammad ibn 'Abd Allâh,
_d1313-1375
_9162300
852 _aES-MaACL
_jF-5418
_z-- Enc. hol.
999 _c165409
_d165409